Top 250 NHL Points Leaders - Statistics

General Stats
  • This quiz has been taken 144 times
  • The average score is 101 of 250
Answer Stats
Hint Answer % Correct
2857 Gretzky
100%
786 | 1723 Lemieux
96%
1887 Messier
96%
1921 Jagr
94%
742 | 1850 Howe
91%
1502 Crosby
89%
850 McDavid
89%
1485 Ovechkin
89%
1755 Yzerman
89%
1237 Kane
87%
915 Orr
87%
1641 Sakic
85%
1398 Kurri
83%
1353 Lafleur
83%
1374 Modano
83%
1798 Francis
81%
1531 Coffey
79%
1229 Malkin
79%
1197 Marleau
79%
966 | 1046 Richard
79%
1394 Robitaille
79%
1457 Selanne
79%
883 Toews
79%
1590 Esposito
77%
885 Forsberg
77%
1032 Backstrom
74%
1579 Bourque
74%
1771 Dionne
74%
1170 | 1391 Hull
74%
1056 Stamkos
74%
1040 Bergeron
72%
1142 Lidstrom
72%
1349 Sundin
72%
1157 Alfredsson
70%
1219 Beliveau
70%
1126 Bossy
70%
918 Datsyuk
70%
729 Kucherov
70%
865 Lindros
70%
1274 MacInnis
70%
862 Marchand
70%
1041 | 1070 Sedin
70%
847 Benn
68%
779 Bure
68%
1019 Getzlaf
68%
1300 Iginla
68%
989 Kariya
68%
761 Karlsson
68%
876 Kovalchuk
68%
1467 Mikita
68%
960 Zetterberg
68%
1134 Hossa
66%
759 MacKinnon
66%
883 Perry
66%
1033 St Louis
66%
1210 Clarke
64%
744 Draisaitl
64%
1409 Hawerchuk
64%
711 | 832 Koivu
64%
740 Niedermayer
64%
1001 Pavelski
64%
1326 Perreault
64%
822 Stastny
64%
1425 Trottier
64%
1179 Fedorov
62%
949 Lecavalier
62%
1063 Staal
62%
1141 Kopitar
60%
1420 Oates
60%
1533 Recchi
60%
975 Tavares
60%
1065 Tkachuk
60%
1025 Elias
57%
1335 Gartner
57%
1006 McDonald
57%
1126 Nieuwendyk
57%
1338 Savard
57%
736 Seguin
57%
1354 Shanahan
57%
838 Burns
55%
972 Doan
55%
1414 Gilmour
55%
992 Kessel
55%
1028 Leetch
55%
958 Robinson
55%
726 | 908 Stevens
55%
1099 Anderson
53%
1348 Andreychuk
53%
1184 Brind'Amour
53%
1013 Lafontaine
53%
805 Nash
53%
869 Naslund
53%
922 Wheeler
53%
948 Chelios
51%
791 Heatley
51%
1052 Potvin
51%
805 Hejduk
49%
1232 Housley
49%
932 Richards
49%
787 Salming
49%
1369 Bucyk
47%
1200 Ciccarelli
47%
1021 Gilbert
47%
1002 Giroux
47%
1036 Smith
47%
995 Spezza
47%
892 Bondra
45%
712 Brown
45%
1029 Kovalev
45%
1216 Roenick
45%
829 Sutter
45%
771 Zubov
45%
1088 Fleury
43%
1032 Mogilny
43%
1121 Sittler
40%
844 Suter
40%
777 Blake
38%
836 Carter
38%
879 Parise
38%
1327 Turgeon
38%
1281 Delvecchio
36%
819 Leclair
36%
910 Roberts
36%
797 Williams
36%
1205 Damphousse
34%
1130 Federko
34%
815 Gaborik
34%
756 Gomez
34%
773 | 1103 Mahovlich
34%
1267 Ratelle
34%
883 Barber
32%
744 Duchene
32%
750 Jokinen
32%
1217 Murphy
32%
863 Cournoyer
30%
867 Linden
30%
1209 Nicholls
30%
885 Nolan
30%
817 Shutt
30%
842 Smyth
30%
1153 Goulet
28%
835 Lemaire
28%
851 Lindsay
28%
1063 Mullen
28%
1069 Taylor
28%
789 Vanek
28%
770 Bertuzzi
26%
822 Geoffrion
26%
817 Steen
26%
786 Krejci
23%
809 Martin
23%
959 Muller
23%
896 Park
23%
781 Yashin
23%
811 Gonchar
21%
986 Keon
21%
819 Richer
21%
952 Tocchet
21%
1062 Verbeek
21%
1033 Weight
21%
973 Bathgate
19%
1022 Bellows
19%
898 Ferraro
19%
1020 Hunter
19%
842 MacLean
19%
806 Voracek
19%
827 Wilson
19%
888 Goring
17%
856 Guerin
17%
1012 Larmer
17%
1539 Thronton
17%
1229 Ullman
17%
900 Amonte
15%
938 Arnott
15%
768 Demitra
15%
853 Kozlov
15%
988 Middleton
15%
735 Satan
15%
863 Tanguay
15%
933 Thomas
15%
1064 Whitney
15%
923 Broten
13%
727 Foligno
13%
823 Kelly
13%
822 Larouche
13%
878 Maruk
13%
713 Palffy
13%
727 Pominville
13%
793 Ribeiro
13%
743 Adams
11%
744 | 799 Courtnall
11%
752 Duchesne
11%
774 Pronovost
11%
869 Ronning
11%
721 Sykora
11%
788 Vaive
11%
713 Armstrong
9%
728 Carpenter
9%
760 Dineen
9%
747 Holik
9%
807 Linseman
9%
759 MacLeish
9%
1004 Propp
9%
765 Prospal
9%
856 Sandstrom
9%
836 Tonelli
9%
719 Gagner
6%
712 Hadfield
6%
800 Hodge
6%
717 Nedved
6%
827 Ogrodnick
6%
794 Olczyk
6%
721 Perron
6%
711 Simmer
6%
804 Unger
6%
723 Babych
4%
733 Brunette
4%
793 Cashman
4%
731 Cullen
4%
767 Kehoe
4%
860 Prentice
4%
727 Stillman
4%
717 Straka
4%
757 Young
4%
719 Zhamnov
4%
866 Boldirev
2%
773 Christian
2%
759 Craven
2%
843 Lysiak
2%
840 Mellanby
2%
761 Rolston
2%
743 Schneider
2%
1239 Stasny
2%
747 Sullivan
2%
732 Cassels
0%
751 Janney
0%
813 MvNab
0%
726 Nevin
0%
728 Oliver
0%
814 Paiment
0%
758 Ridley
0%
No matching quizzes found
Score Distribution
Percent of People with Each Score
Percentile by Number Answered
Your Score History
You have not taken this quiz